High noon /

"Police Lieutenant Phoebe MacNamara found her calling at an early age, when a violently unstable man broke into her family's home, trapping and terrorizing them for hours. Now she's Savannah's top hostage negotiator, who puts her life on the line every day to defuse powder-keg s...

Full description

Bibliographic Details
Main Author: Roberts, Nora
Corporate Author: Brilliance Audio (Firm)
Other Authors: Ericksen, Susan
Format: CD Audio Book
Language:English
Published: Grand Haven, MI : Brilliance Audio, 2007.
Series:Brilliance Audio on compact disc.
Subjects:

MARC

Tag First Indicator Second Indicator Subfields
LEADER 00000cim a2200000Ia 4500
001 in00002257283
005 20151105095919.0
007 sd fungnn|m|ed
008 070710s2007 miunnn e f eng d
020 |a 9781423337294 
020 |a 1423337298 
035 |a (OCoLC)ocn154210293 
035 |a (OCoLC)154210293 
040 |a AMP  |c AMP  |d DPL  |d IH4  |d TXA  |d UtOrBLW 
049 |a TXAM 
090 |a PS3568.O243  |b H54 2007b 
092 0 |a 813/.54  |2 22 
100 1 |a Roberts, Nora. 
245 1 0 |a High noon /  |c Nora Roberts. 
264 1 |a Grand Haven, MI :  |b Brilliance Audio,  |c 2007. 
300 |a 14 sound discs (approximately 16 hrs.) :  |b digital ;  |c 4 3/4 in. 
336 |a spoken word  |b spw  |2 rdacontent 
337 |a audio  |b s  |2 rdamedia 
338 |a audio disc  |b sd  |2 rdacarrier 
490 1 |a Brilliance Audio on compact disc 
511 0 |a Read by Susan Ericksen. 
500 |a Unabridged. 
500 |a Compact discs. 
520 |a "Police Lieutenant Phoebe MacNamara found her calling at an early age, when a violently unstable man broke into her family's home, trapping and terrorizing them for hours. Now she's Savannah's top hostage negotiator, who puts her life on the line every day to defuse powder-keg situations. Sometimes those skills come in handy at home when Phoebe deals with her agoraphobic mother, still traumatized by the break-in after all these years, and her precocious seven-year-old daughter, Carly"--Container. 
500 |a Sound recording. 
650 0 |a Hostage negotiations  |v Fiction. 
655 7 |a Romantic suspense fiction.  |2 gsafd 
655 7 |a Audiobooks.  |2 lcgft 
700 1 |a Ericksen, Susan. 
710 2 |a Brilliance Audio (Firm) 
830 0 |a Brilliance Audio on compact disc. 
948 |a cataloged  |b h  |c 2007/8/16  |d c  |e ceaton  |f 1:13:35 pm 
994 |a C0  |b TXA 
999 |a MARS 
999 f f |s 2f170209-ad52-31f0-ab53-f471e02920c2  |i 62ec694f-6fef-3ce4-9072-e0f809368502  |t 0 
952 f f |p ric  |a Texas A&M University  |b Rellis Campus  |c Joint Library Facility  |d Remote Storage  |t 0  |e PS3568.O243 H54 2007b  |h Library of Congress classification  |i audio -- audio disc  |m A14836346847 
998 f f |a PS3568.O243 H54 2007b  |t 0  |l Remote Storage